00888nam a2200253 a 450000100060000000300080000600500170001400800410003102000150007203500190008704000320010604100080013808200290014624500780017526000380025330000340029150400410032565000320036665000330039870000280043194200120045999900170047195201460048836088BD-RjUL20211209052431.0140616s1981 nyua b 000 0 eng d a0306406020 a(BD-RjUL)36185 aDLCcDLCdDLCdBD-RjULbeng aeng00a306.26219bHAN V-2 198104aThe Handbook of political behavior /cedited by Samuel L. Long.nVolume 2 aNew York :bPlenum Press,cc1981. axxix, 351 p.:bill. ;c24 cm. aIncludes bibliographies and indexes. 0aPolitical psychology.93579 0aPolitical sociology.91093901 aLong, Samuel L.9109391 2ddccBK c36088d36088 00102ddc40708NFICaRUCLbRUCLcStackd1986-01-30eTappom and co.g56.70l0o306.26 HAN V-2 1981r2014-06-16 00:00:00tC-2w2014-06-16yBK